000 00978nam a2200325Ia 4500
001 35681
003 IT-RoPAU
008 130308s9999 xx 000 0 und d
040 _aIT-RoPAU
040 _cIT-RoPAU
041 _aITALIANO
100 _aNori Claude
100 _gCodice Aut. SPICS: 3147
245 _aNuovo reportage (Il)-Bill Owens
245 _bNuovo reportage (Il)-Bill Owens
250 _a1a ed.
260 _aMILANO
260 _bEditphoto
260 _c1978 [1° Ed.:1978 - Ed.Ling.Originale:1978]
300 _a"24 p. (prefazione: no ; testo: 24)"
500 _aFotografie di Bill Owens Testi di presentazione del fotografo e della Sua fotografia Sono di Claude Nori e Beth Ann Krier
650 _aAUTORI/OPERE DI FOTOGRAFIA
650 _eCodice materia Spics: 6757
700 _aKrier Beth AnnOwens Bill
700 _gCodice Aut. SPICS: 16970Codice Aut. SPICS: 16976
942 _cBK
957 _71
999 _c70626
_d70626
999 _bSI
999 _g1